| 000 | 005930000a22001810004500 | ||
|---|---|---|---|
| 003 | MACL | ||
| 005 | 20160224163124.0 | ||
| 008 | 160224b xxu||||| |||| 00| 0 eng d | ||
| 040 |
_aMACL _cMACL |
||
| 041 | _aHindi | ||
| 082 | _a616 | ||
| 100 |
_aलाल कृष्ण भुराडिया _940142 |
||
| 245 | _aऔघोगिक रोग उनके कारण और निवारण | ||
| 260 |
_bराष्ट्रीय प्रकाशन मंदिर _c1986 _aभोपाल |
||
| 350 | _a50 | ||
| 650 |
_aMedical Sci. _933115 |
||
| 942 |
_cHIN _k616 _2ddc |
||
| 999 |
_c29320 _d29320 |
||